MARC details
| 000 -LEADER |
| fixed length control field |
01002cam a2200193 4500 |
| 001 - CONTROL NUMBER |
| control field |
ABS61215 |
| 008 - FIXED-LENGTH DATA ELEMENTS--GENERAL INFORMATION |
| fixed length control field |
000000n 000 0 eng u |
| 035 ## - SYSTEM CONTROL NUMBER |
| System control number |
(Sirsi) u101813 |
| 245 ## - TITLE STATEMENT |
| Title |
Renewable energy. |
| 490 ## - SERIES STATEMENT |
| Series statement |
Building Services Journal |
| Volume/sequential designation |
21(9) September 1999, 26-33(8) |
| 520 ## - SUMMARY, ETC. |
| Summary, etc. |
Focus on renewable energy including: an overview of the options; a description of the Gaia Trust headquarters building in Cornwall, which aims to be as close as possible to energy-autonomous; a description of BRE's integrated photovoltaic shading and ventilation unit Airlit-pv; discussion of recent developments in wind turbines; and a description of the Beddington Zero Energy Development (BedZED), a mixed use development aiming to be totally sustainable and non-ozone depleting. |
| 650 ## - SUBJECT ADDED ENTRY--TOPICAL TERM |
| Topical term or geographic name entry element |
RENEWABLE ENERGY |
| 650 ## - SUBJECT ADDED ENTRY--TOPICAL TERM |
| Topical term or geographic name entry element |
WIND POWER |
| 650 ## - SUBJECT ADDED ENTRY--TOPICAL TERM |
| Topical term or geographic name entry element |
SUSTAINABLE DEVELOPMENT |
| 650 ## - SUBJECT ADDED ENTRY--TOPICAL TERM |
| Topical term or geographic name entry element |
PHOTOVOLTAICS |
| 650 ## - SUBJECT ADDED ENTRY--TOPICAL TERM |
| Topical term or geographic name entry element |
OZONE DEPLETION |
| 690 ## - LOCAL SUBJECT ADDED ENTRY--TOPICAL TERM (OCLC, RLIN) |
| Topical term or geographic name as entry element |
ENVIRONMENTAL AND LAND CONSULTANCY-ENERGY |
| 942 ## - ADDED ENTRY ELEMENTS (KOHA) |
| Suppress in OPAC |
0 |